Sons of Anarchy Characters - Statistics

General Stats
  • This quiz has been taken 971 times
    950 since last reset
  • The average score is 26 of 92
Answer Stats
Answer % Correct
Jax Teller
98%
Clay Morrow
95%
Gemma Teller
93%
Tig
89%
Harry 'Opie' Winston
88%
Tara Knowles
86%
Juice
83%
Bobby Elvis
77%
Happy
75%
Piney
73%
Wayne Unser
72%
Abel Teller
64%
Half Sack
61%
Wendy
57%
Thomas Teller
53%
Otto Delaney
52%
David Hale
50%
Jacob Hale
50%
June Stahl
50%
Lyla
50%
Chibbs
46%
Nero
46%
Donna
45%
Marcus Alvarez
44%
Esai Alvarez
39%
Eli Roosevelt
36%
Luann Delaney
34%
Ratboy
33%
Chucky
31%
Jimmy O'Phalen
29%
Damon Pope
26%
Henry Lin
25%
Maureen Ashby
25%
Cherry
24%
August Marks
23%
Josh Kohn
22%
Darby
21%
Laroy Wayne
21%
Romeo Parada
21%
Venus Van Damme
21%
Kozik
20%
Ima
19%
Ethan Zobelle
18%
Jury
18%
Trinity
18%
West
18%
AJ Weston
16%
Father Kellan Ashby
15%
Filthy Phil
15%
Miles
15%
Quinn
15%
Gaelan O'Shay
14%
Lee Toric
14%
Montez
14%
Tyler
14%
Cameron Hayes
13%
Lincoln Potter
13%
Althea Jarry
12%
Lenny The Pimp
12%
Mary Winston
12%
Tully
12%
Colette
11%
Elliot Oswald
11%
Polly Zobelle
11%
Tyne Patterson
11%
Charlie Barosky
9%
Edmond Hayes
9%
Margaret Murphy
9%
V-Lin
9%
Ally Lowen
8%
Keith McGee
8%
Rita Roosevelt
8%
Gogo
7%
Hector Salazar
7%
Hopper
7%
Nate
7%
T.O Cross
7%
Brooke Putner
6%
Fiasco
6%
Georgie Caruso
6%
Greg the Peg
6%
Luis Torres
6%
Winsome
6%
Moses Cartwright
5%
The Homeless Woman
5%
Brendan Roarke
4%
Connor Malone
4%
Franky Diamonds
4%
Agent Grad Nicholas
3%
Jimmy Cacuzza
3%
Les Packer
3%
Milo
3%
No matching quizzes found
Score Distribution
Percent of People with Each Score
Percentile by Number Answered
Your Score History
You have not taken this quiz since the last reset